000 00944nam a2200301Ia 4500
001 38941
003 IT-RoPAU
008 130308s9999 xx 000 0 und d
040 _aIT-RoPAU
040 _cIT-RoPAU
041 _aFRANCESE
100 _aKerbrat-Orecchioni Catherine
100 _gCodice Aut. SPICS: 5103
245 _aPour une approche pragmatique du dialogue theatral
245 _bEcriture Theatrale (L')-Pratiques N. 41
250 _a1a ed.
260 _aMETZ
260 _bPratiques
260 _c1984 [1° Ed.:1984 - Ed.Ling.Originale:1984]
300 _a"17 p. (prefazione: no ; testo: 17 [pagine: 46-62])"
500 _aApproccio Pragmatico al Dialogo Teatrale Comunicazione Teatrale funzionamento della legge d'informazione Statuto del Monologo
650 _aEDUCAZIONE ALLA COMUNICAZIONE SOCIALE
650 _eCodice materia Spics: 3812
942 _cBK
957 _71
999 _c45785
_d45785
999 _bSI
999 _g1